000 00314nam a22001337a 4500
008 171027b xxu||||| |||| 00| 0 eng d
020 _a0870142356
041 _aeng
080 _a336
100 _a56
101 _aFIN
245 _aTHE CHANNELS OF MONETARY EFFECTS ON INTEREST RATES
_cCAGAN,P
942 _2udc
_cBK
999 _c36142
_d36142